| 000 | 00845nam a2200205 i 4500 | ||
|---|---|---|---|
| 001 | 125046 | ||
| 003 | ES-MaACL | ||
| 005 | 20250826081426.0 | ||
| 007 | t| | ||
| 008 | 070427s1934 sp |||| | spa d | ||
| 110 | 2 |
_aInstituto Nacional de Previsión (España) _95180 |
|
| 245 | 1 | 0 | _aMemoria de la gestión de la Caja Nacional de Seguro de Accidentes del Trabajo y de los Fondos especiales de Garantía durante el año 1933. |
| 300 |
_a21 p. ; _c24 cm. |
||
| 490 | 1 |
_aPublicaciones del Instituto Nacional de Previsión ; _v413 |
|
| 500 | _aPrecede al tít.: Caja Nacional de Seguro de Accidentes del Trabajo. | ||
| 610 | 2 | 0 |
_aCaja Nacional de Seguro de Accidentes del Trabajo _9186626 |
| 830 | 0 |
_aPublicaciones del Instituto Nacional de Previsión ; _v413 _9181151 |
|
| 852 |
_aES-MaACL _jC-12642(11) |
||
| 999 |
_c125046 _d125046 |
||